000 00850nam a2200253Ia 4500
003 GCL
008 140319s9999 xx 000 0 ara d
040 _aGCL /
_cGCL
082 0 4 _aق
_b962.04
_bل م
100 1 _aلطيفة محمد سالم
245 1 0 _aمصر فى الحرب العالمية الاولى /
_cلطيفة محمد سالم
260 _a[S.N] :
_bالهيئة المصرية العامة للكتاب ،
_c1984
300 _a361 ص
490 _a
650 0 4 _aالعصر الحديث
650 0 4 _aمصر
650 0 4 _aتاريخ
650 0 4 _aالاحوال الاجتماعية
650 0 4 _aالاحوال السياسية
650 0 4 _aالجيش
650 0 4 _aالحرب العالمية الاولى 1914- 1918
650 0 4 _aمصر - تاريخ - العصر الحديث - ثورة 1919
942 _2ddc
_cBK
999 _c52884
_d52884